| 000 | 00826nam a2200253 i 4500 | ||
|---|---|---|---|
| 001 | 105874 | ||
| 003 | ES-MaACL | ||
| 005 | 20250911062650.0 | ||
| 007 | t| | ||
| 008 | 060905s1961 sp |||| | spa d | ||
| 080 | _a821.134.2-31"19" | ||
| 100 | 1 |
_aSánchez Ferlosio, Rafael, _d1927-2019 _9102633 |
|
| 245 | 1 | 0 |
_aIndustrias y andanzas de Alfanhuí _b; Y el corazón caliente ; Dientes, pólvora, febrero / _cRafael Sánchez Ferlosio. |
| 246 | 3 | 0 | _aY el corazón caliente |
| 246 | 3 | 0 | _aDientes, pólvora, febrero |
| 250 | _a1ª ed. | ||
| 260 |
_aBarcelona : _bDestino, _c1961. |
||
| 300 |
_a229 p. ; _c19 cm. |
||
| 490 | 1 |
_aAncora y delfín ; _v200 |
|
| 830 | 0 | 0 |
_aÁncora y Delfín _v200 _9151298 |
| 852 |
_aES-MaACL _jAND-693 _z. - Biblioteca Juan Andrade |
||
| 852 |
_aES-MaACL _jG-9672 |
||
| 999 |
_c105874 _d105874 |
||